The procedure of determination of diatomic spectroscopic and molecular parameters from line positions of several isotopomers; Proceedings of SPIE; Vol. 6522

Bibliographic Details
Parent link:Proceedings of SPIE.— , 1960-
Vol. 6522.— 2006.— [652204, 6 p. ]
Main Author: Velichko T. I.
Corporate Author: Национальный исследовательский Томский политехнический университет (ТПУ) Физико-технический институт (ФТИ) Кафедра высшей математики и математической физики (ВММФ)
Other Authors: Mikhailenko S. N. Semen Nikolaevich
Summary:Title screen
Режим доступа: по договору с организацией-держателем ресурса
Language:English
Published: 2006
Subjects:
Online Access:http://proceedings.spiedigitallibrary.org/proceeding.aspx?articleid=1337329
Format: Electronic Book Chapter
KOHA link:https://koha.lib.tpu.ru/cgi-bin/koha/opac-detail.pl?biblionumber=642825

MARC

LEADER 00000nla0a2200000 4500
001 642825
005 20250210162139.0
035 |a (RuTPU)RU\TPU\network\7790 
035 |a RU\TPU\network\7789 
090 |a 642825 
100 |a 20150813d2006 k||y0rusy50 ba 
101 0 |a eng 
102 |a GB 
135 |a drcn ---uucaa 
181 0 |a i  
182 0 |a b 
200 1 |a The procedure of determination of diatomic spectroscopic and molecular parameters from line positions of several isotopomers  |f T. I. Velichko, S. N. Mikhailenko 
203 |a Text  |c electronic 
300 |a Title screen 
333 |a Режим доступа: по договору с организацией-держателем ресурса 
461 |t Proceedings of SPIE  |d 1960- 
463 |t Vol. 6522  |v [652204, 6 p. ]  |d 2006 
610 1 |a электронный ресурс 
610 1 |a труды учeных ТПУ 
700 1 |a Velichko  |b T. I. 
701 1 |a Mikhailenko  |b S. N.  |c physicist  |c Associate Professor of Tomsk Polytechnic University, Candidate of physical and mathematical sciences  |f 1962-  |g Semen Nikolaevich  |3 (RuTPU)RU\TPU\pers\34035 
712 0 2 |a Национальный исследовательский Томский политехнический университет (ТПУ)  |b Физико-технический институт (ФТИ)  |b Кафедра высшей математики и математической физики (ВММФ)  |3 (RuTPU)RU\TPU\col\18727 
801 2 |a RU  |b 63413507  |c 20160406  |g RCR 
856 4 |u http://proceedings.spiedigitallibrary.org/proceeding.aspx?articleid=1337329 
942 |c CF